|
|
|
|
| LEADER |
00000cam a2200000 i 4500 |
| 001 |
1/20620 |
| 008 |
051212s2001 gr | ||| |||| ||gre|| |
| 020 |
|
|
|a 9608707900
|
| 035 |
|
|
|l 10081662
|
| 040 |
|
|
|a GR-MyUa
|b gre
|e AACR2
|
| 041 |
0 |
|
|a gre
|
| 082 |
7 |
|
|a 206.57
|2 (22)
|
| 100 |
1 |
|
|a Τρούλης, Μιχάλης.
|
| 245 |
1 |
0 |
|a Ιερά μονή Τιμίου Προδρόμου Ατάλης - Μπαλή /
|c Μιχάλης Τρούλης.
|
| 260 |
|
|
|a Ρέθυμνο :
|b [χ.ό.],
|c c2001.
|
| 300 |
|
|
|a 159 σ. :
|b έγχρ. εικ.;
|c 24 εκ.
|
| 504 |
|
|
|a Βιβλιογραφία: σ. [153]-159.
|
| 650 |
|
0 |
|a Monasteries
|z Greece
|z Erakleion (Nome)
|
| 650 |
|
0 |
|a Monasteries
|z Greece
|z Rethymnon (Municipality)
|
| 852 |
|
|
|a INST
|b RHODES
|e 20051212
|h 206.57 ΤΡΟ
|p 005400021894
|q 005400021894
|t BK
|y 0
|
| 901 |
|
|
|a BIBL4-2005-3
|
| 970 |
|
|
|a ΚΟΖΑ
|b ΜΑΡΙΑ
|z 2005/12/12
|